Dracula karaoke /

Hlavní autor: Svoboda, Karel, 1938-2007
Další autoři: Hes, Richard, 1963-2014, Borovec, Zdeněk, 1932-2001
Jazyk: Čeština
Vydáno: Praha : Popron Music, p2003
Témata:
Fyzický popis: 1 zvuková kazeta : analog, Dolby HX-Pro + 1 leták (10 x 15 cm)
Zvukové nahrávky
Uloženo v:
LEADER 01367njm a2200301 a 4500
001 000700354
003 CZ BrMZK
005 20031217093430.0
007 ss lsnjlcmpnzu
008 031215s2003 xr mc f d cze d
028 0 1 |a 54585-4  |b Popron Music 
040 |a BOA001  |b cze 
047 |a mc 
080 |a (086.7)  |2 MRF 
080 |a 792.57  |2 MRF 
100 1 |a Svoboda, Karel,  |d 1938-2007  |7 jn19990218100  |4 cmp 
245 1 0 |a Dracula  |h [zvukový záznam] :  |b karaoke /  |c muzikál Karla Svobody, Zdeňka Borovce a Richarda Hese 
260 |a Praha :  |b Popron Music,  |c p2003 
300 |a 1 zvuková kazeta :  |b analog, Dolby HX-Pro +  |e 1 leták (10 x 15 cm) 
500 |a Vydáno také na kompaktní desce s objednacím číslem 54585-2 
505 2 0 |t Předehra --  |t Džber a kord --  |t Šašek a Adriana --  |t Vím že jsi se mnou --  |t Smrt --  |t Nspravedlivý bůh --  |t Schůzka v zahradě --  |t Upíří valčík --  |t Stevenův monolog --  |t Jsi můj pán --  |t Prázdné casino --  |t Vyznání --  |t Snový soud --  |t Draculova smrt 
650 0 7 |a muzikály  |7 ph123058  |2 czenas 
655 7 |a zvukové kazety  |7 fd186720  |2 czenas 
700 1 |a Hes, Richard,  |d 1963-2014  |7 jn19990009599  |4 aut 
700 1 |a Borovec, Zdeněk,  |d 1932-2001  |7 jk01012677  |4 lyr 
910 |a BOA001  |b KZ-0011.342 
990 |a AV 
996 6 |b 261H012455  |c KZ-0011.342  |l MZK  |r Sklad / do 24 hodin  |n 0  |w 000700354  |u 000010  |a 1  |e BOA001  |j MZK50  |s P